000 00273nam a2200097Ia 4500
008 220204s9999 xx 000 0 und d
082 _a800(038)
_bLIN
245 0 _aLinguistic glossary English Malayalam
260 _aThiruvananathapuram
_bKerala Bhasha Inst
_c1970
942 _cBK
999 _c22845
_d22845